| 000 | 00808nam a22002057a 4500 | ||
|---|---|---|---|
| 005 | 20240711163302.0 | ||
| 008 | 220623b ||||| |||| 00| 0 eng d | ||
| 040 | _cAloy | ||
| 041 | _aKannada | ||
| 082 |
_223 _a294.564K _bSATB |
||
| 100 |
_aRinganna Satyampete _9173184 |
||
| 100 |
_aರಂಗಣ್ಣ ಸತ್ಯಂಪೇಟೆ Ed _9173185 |
||
| 245 |
_aBasava marga _b ಬಸವ ಮಾರ್ಗ |
||
| 260 |
_aKalaburgi: _bAgni Ankusha Patrike Prakashana, _c2002. |
||
| 300 |
_a32p. _bPB _c21x14cm. |
||
| 650 |
_aBasavadi Sharanaru _944639 _2ಬಸವಾದಿ ಶರಣರು |
||
| 700 |
_aSATYAMPETE (Ranganna): ಸತ್ಯಂಪೇಟೆ ( ರಂಗಣ್ಣ) Ed _944640 |
||
| 700 |
_aSATYAMPETE (Shivaranjan): ಸತ್ಯಂಪೇಟೆ (ಶಿವರಂಜನ್) Ed _944641 |
||
| 942 |
_2ddc _cGF |
||
| 999 |
_c223450 _d223450 |
||